000 00635nam a2200205 4500
001 144678
003 ES-MaACL
005 20230906201055.0
007 t|
008 070214s1969 sp r ||||1| spa d
245 0 0 _aSociología de los años veinte /
_ccompilación de Leonhard Reinisch ; versión de Pedro de Olazábal.
260 _aMadrid :
_bTaurus,
_c1969.
300 _a236 p. ;
_c21 cm.
490 1 _aEnsayistas hoy ;
_v57
700 1 _aReinisch, Leonhard.
_996063
700 1 _aOlazábal, Pedro de.
_986680
830 0 _aEnsayistas hoy ;
_v57
_9220700
852 _aES-MaACL
_jC-38934
_bR.70742
999 _c144678
_d144678